000 00220 a2200097 4500
001 34692
100 _aAHM, Pref Zaiddin Ahmed
245 _aLiaqat Ali Khan
260 _aLahore
_bRoyal Book co
_c
090 _c22975
_d22975
942 _aNUST-CAE
_cM
_c14419
999 _c269765
_d269765